00666nam a22001697a 450000500170000000800410001702000180005805000250007624501150010125000220021626001020023830000270034049000240036765000400039165000320043170000330046320210601104650.0210601b mx ||||| |||| 00| 0 spa d a978607455660504aGT4814.A2 bC66 201100aCompartir el patrimonio cultural inmaterial : bnarrativas y representaciones /cLourdes Arizpe, coordinadora aPrimera edición aMéxico: bCONACULTA :bUNAM,bCentro Regional de Investigaciones Multidisciplinarias,cc2011 a328 páginas ;c21 cm aMemoria histórica 72lembaPatrimonio culturalzMéxico 72lembaFestivales zMéxico1 aArizpe S., Lourdes, eeditor